000
00290nam a2200121Ia 4500
008
191201s2019 xx 000 0 und d
100
_a
MITTAL, R K
245
0
_a
Positive Mind Power
260
_a
N.Delhi
_b
Sterling Publishers
300
_a
165
650
_a
General Books
942
_2
ddc
_c
BK
999
_c
2163
_d
2163